000 005290000a22001810004500
003 MACL
005 20160417141058.0
008 160417b xxu||||| |||| 00| 0 eng d
040 _aMACL
_cMACL
041 _aHindi
082 _a500 GUP
100 _aगुप्‍ता कंचन
_952661
245 _aविज्ञान : परिचय
260 _bआखर प्रकाशन
_c2010
_aनई दिल्‍ली
350 _a300
650 _aविज्ञान
_952662
942 _cHIN
_k500/GUP
_2ddc
999 _c45481
_d45481